000 00568nam a2200181 a 4500
001 0165
005 20140414132039.0
008 040804s19uu xx 00 eng d
050 _aBB
_bC46 bk.4
100 _aBrierly, Jane
245 _aThe Christmas treasure chest, bk. 4/
_ctext by Jane Brierly.
260 _aMontreal, Canada :
_bTormont,
_c1992.
300 _a16 p. : ill. ; cm.
500 _aContents: The Little Red-Nosed Reindeer--Silent Night--The Snowman and the Elves.
650 _aChristmas
_xFiction.
650 _aChildren stories.
999 _c113803
_d113803